000 00333cam a22001217a 4500
008 180718b-- xxu||||| |||| 00| 0 eng d
082 _aA45:U6
100 _aIndia. Ministry of Disinvestment
245 _aAnnual report
260 _aNew Delhi
_bThe author
_c--
500 _aLibrary has 2000/01-2001/02
650 _aDisinvestment - India
999 _c491187
_d491187